Truyện kể 109 nguyên tố hóa học

Đã lưu trong:
Bibliografiske detaljer
Hovedforfatter: Trần, Ngọc Mai
Format: Bog
Sprog:Undetermined
Udgivet: Hà Nội Giáo Dục 2004
Fag:
Tags: Tilføj Tag
Ingen Tags, Vær først til at tagge denne postø!
Thư viện lưu trữ: Trung tâm Học liệu Trường Đại học Cần Thơ
LEADER 00549nam a2200205Ia 4500
001 CTU_92368
008 210402s9999 xx 000 0 und d
020 |c 12300 
082 |a 540.9 
082 |b M103 
100 |a Trần, Ngọc Mai 
245 0 |a Truyện kể 109 nguyên tố hóa học 
245 0 |c Trần Ngọc Mai 
260 |a Hà Nội 
260 |b Giáo Dục 
260 |c 2004 
650 |a Chemistry 
650 |x History 
904 |i Mai Loan(Tuyen) 
980 |a Trung tâm Học liệu Trường Đại học Cần Thơ